Ký ức Nam Ban : Ký, ghi chép
Guardat en:
| Autor principal: | |
|---|---|
| Format: | Llibre |
| Idioma: | Undetermined |
| Publicat: |
Hà Nội
Hội nhà văn
2020
|
| Matèries: | |
| Etiquetes: |
Afegir etiqueta
Sense etiquetes, Sigues el primer a etiquetar aquest registre!
|
| Thư viện lưu trữ: | Trung tâm Học liệu Trường Đại học Cần Thơ |
|---|
| LEADER | 00542nam a2200193Ia 4500 | ||
|---|---|---|---|
| 001 | CTU_239716 | ||
| 008 | 210402s9999 xx 000 0 und d | ||
| 082 | |a 895.922803 | ||
| 082 | |b Tr101 | ||
| 100 | |a Trần, Ngọc Trác | ||
| 245 | 0 | |a Ký ức Nam Ban : | |
| 245 | 0 | |b Ký, ghi chép | |
| 245 | 0 | |c Trần Ngọc Trác | |
| 260 | |a Hà Nội | ||
| 260 | |b Hội nhà văn | ||
| 260 | |c 2020 | ||
| 650 | |a Tự truyện,Autobiographies | ||
| 910 | |b nthai | ||
| 980 | |a Trung tâm Học liệu Trường Đại học Cần Thơ | ||